00780nam a2200181 a 4500003000200000005001700002008004100019050002800060100002100088245010200109260009300211300004600304504004100350650003300391650006000424650006600484650004800550020250307095429.0090706s19uu xx 00 eng d aPGS P 118.2b.C543 2009 aChiu, Kuo Chuan. aProblems encountered by ILC students in learning English as a second language /cKuo Chuan Chiu.  aLas Piñas City, Philippines : bSouthville International School and Colleges, c2009. a22 pages : b illustrations ; c28 cm.  aIncludes bibliographical references. aSecond language acquisition. aEnglish languagevStudy and teachingvForeign speakers. aEnglish languagevStudy and teachingvInternational students. aLanguage and languagesvStudy and teaching.